000 00343nam a2200145Ia 4500
008 260216s2018 xx 000 0 und d
020 _a978-1-108-47439-9
041 _aeng
082 _a618.2 JAM
100 _aJames
245 _aHigh-Risk Pregnancy vol-1
250 _a4th
260 _bCambridge University
_c2018
300 _av-1084P
999 _c1216130
_d1216130